Der Check seine wirtschaftliche und juristische Natur

Na minha lista:
Detalhes bibliográficos
Formato: Livro
Idioma:alemão
Publicado em: Leipzig Hirschfeld 1890
Tags: Adicionar Tag
Sem tags, seja o primeiro a adicionar uma tag!

MARC

LEADER 00000nam a2200000 4500
001 0307531
005 20250307100020.2
041 0 |a ger 
044 |a DE 
245 1 0 |a Der Check  |b seine wirtschaftliche und juristische Natur  |c Ludwig Kuhlenbeck 
264 1 |a Leipzig  |b Hirschfeld  |c 1890